00345nam a2200121Ia 4500008004100000020001400041100001700055245007200072250001100144260003700155300001800192650001300210180309s9999 xx 000 0 und d a789714051 aGrimes Galen cBolton, Ricka10 minutes guide to the internet and world wibe web / a3rd ed aUSA :b1997cNational bookstores aiv, 185 pages aInternet